00749 a2200193 4500010001400000020002300014035001300037037001800050082001400068100002100082245012300103260005000226270004400276300004000320500002000360942003300380999001500413952012700428 aENG-86044 a0070659036c595.00 aEN-69577 bD.B.Act / Pub14a332.632221 aPring, Martin J.1 aMartin Pring on price patterns :cby Martin Pringbthe definitive guide to price pattern analysis and interpretation / aNew DelhibTata Mc-Graw Hill Publishingc2007 a7, West Patel NagarbNew Delhie110 008 avii, 345 p.c23 cm. (Pbk.)b+CD Rom aIncludes index adplcEN2ddch332.63222mPRI c4030d4030 001040718NFICaDBADbDBADd0000-00-00eDBAD/PUBg595.00l0o332.63222 PRIpEN-69577r2008-09-15 00:00:00t1v595.00yEN